Statistics for 2018/19 NHL Arenas

Click here to take the quiz!

General Stats

  • This quiz has been taken 41 times
    (30 since last reset)
  • The average score is 27 of 31

Answer Stats

TeamHome Arena% Correct
Dallas StarsAmerican Airlines Center
100%
Anaheim DucksHonda Center
100%
Colorado AvalanchePepsi Center
100%
Carolina HurricanesPNC Arena
100%
Calgary FlamesScotiabank Saddledome
100%
Chicago BlackhawksUnited Center
100%
Tampa Bay LightningAmalie Arena
88%
Nashville PredatorsBridgestone Arena
88%
Ottawa SenatorsCanadian Tire Center
88%
Washington Capitals Capital One Arena
88%
Montreal CanadiensCentre Bell
88%
Arizona CoyotesGila River Arena
88%
Buffalo SabresKeybank Center
88%
Detroit Red WingsLittle Caesars Arena
88%
New York RangersMadison Square Garden
88%
Columbus Blue JacketsNationwide Arena
88%
Pittsburgh PenguinsPPG Paints Arena
88%
New Jersey DevilsPrudential Center
88%
Vancouver CanucksRogers Arena
88%
Edmonton OilersRogers Place
88%
San Jose SharksSAP Center
88%
Toronto Maple LeafsScotiabank Arena
88%
Los Angeles KingsStaples Center
88%
Boston BruinsTD Garden
88%
Vegas Golden KnightsT-Mobile Arena
88%
Philadelphia FlyersWells Fargo Center
88%
Minnesota WildXcel Energy Center
88%
Florida PanthersBB&T Center
75%
St. Louis Blues Enterprise Center
75%
New York IslandersBarclays Center
63%
Winnipeg Jets Bell MTS Place
25%

Score Distribution

Percentile by Number Answered

Percent of People with Each Score

Your Score History

You have not taken this quiz since the last reset